000 00742nam a2200205Ia 4500
005 20241129110152.0
008 241129s9999||||xx |||||||||||||| ||und||
037 _aTB
040 _aARTS
_bpun
_cARTS
041 _apun
_2pun
084 _aQ8441xK70 153R2
_qARTS
100 _aਹੀਰਾ, ਮੋਹਨ ਸਿੰਘ, ਚ।
245 0 _aਗੁਰੂ ਦਾ ਬੰਦਾ ਬੰਦਾ ਸਿੰਘ ਬਹਾਦਰ
_cਹੀਰਾ, ਮੋਹਨ ਸਿੰਘ, ਚ।
260 _aਚੰਡੀਗੜ੍ਹ, ਭਾਰਤ
_bਚੰਡੀਗੜ੍ਹ ਯੂਨੀਸਟਾਰ
_c2023
300 _a495ਪ੍ਰ0
365 _aINR
_b500
650 _aSikkhism
_9726471
942 _cTB
_hQ8441xK70 153R2
999 _c1227579
_d1227579